00686nam a2200193Ia 4500008004100000020001800041041000800059082001800067100002300085245007400108260003800182300000900220500001500229650001500244700003700259906000700296999001700303952017200320230125s9999 xx 000 0 und d a81-7809-071-6 aeng a658.4092bFRI aFrigon N L9113446 aThe leader : Developing the skills and personal qualities you need... c1996bMagna books pub co.aMumbai a167p aLeadership aManagement aFrigon N L & Jackson H K9113447 b26 c90570d90570 00104070aHIMRbHIMRd2002-09-12eTechnical book servicesg175.00i1361659l0o658.4092 FRI B03274pHIMR-BK-3274r2023-01-25 00:00:00v149.00w2002-09-03yBKzB03274